A última batalha (Registo nº 4345)

Detalhes MARC
000 -Etiqueta do registo
Cabeçalho 00705nam0a2200253 4500
005 - Identificador da versão
Campo de controlo 20240904163352.0
010 ## - Número internacional normalizado dos livros (ISBN)
Número (ISBN) 9726624428
021 ## - Número do Depósito Legal
Código do país PT
Número 88 892/95
100 ## - Dados gerais de processamento
Dados gerais de processamento 20170117d1996 d y0pory5003 ba
101 1# - Língua de publicação
Língua do texto, banda sonora, etc. Português
Língua do documento no original Inglês
102 ## - Pais de publicação ou produção
País de publicação Portugal
200 1# - Titulo e menção de responsabilidade
Título próprio A última batalha
Primeira menção de responsabilidade C.S. Lewis
Outras menções de responsabilidade il de Pauline Baynes
205 ## - Menção da edição
Menção da edição 1ª ed
210 ## - Publicação, Distribuição, etc. 
Lugar da edição, distribuição, etc. Lisboa
Nome do editor, distribuidor, etc. Gradiva
Data da publicação, distribuição, etc. 1996
215 ## - Descrição física 
Indicação específica da natureza do documento e extensão da espécie 176 p.
Outras indicações físicas il
225 1# - Colecção 
Título próprio da colecção As crónicas de Narnia
Indicação de volume 7
606 ## - Nome comum usado como assunto
Número de registo de entrada de autoridade 0001536
Palavra de ordem Literatura inglesa
Subdivisão de assunto Romances de aventuras
Código do sistema CA
675 ## - Classificação Decimal Universal (CDU)
Notação 821.111-311.3
Edição 3ª ed.
Língua da edição por
700 #1 - Nome de autor-pessoa física (responsabilidade principal)
Número de registo de entrada de autoridade 0001628
Palavra de ordem Lewis
Outra parte do nome não tomada para palavra de ordem Clive Staples
Datas 1898-1963
702 #1 - Nome de autor-pessoa física (responsabilidade secundária)
Número de registo de entrada de autoridade 0001629
Palavra de ordem Baynes
Outra parte do nome não tomada para palavra de ordem Pauline
Código de função Ilustrador / Técnico de desenho computorizado
942 ## - Elementos de entrada adicionados (Koha)
Tipo de item no Koha Livro
966 ## - Identificação da Biblioteca
Sigla EBVEN
Exemplares
Situação do levantamento Origin of item (home branch) (coded) Biblioteca de empréstimo Código de barras Cota Circulation type (not for loan) Tipo de documento Nota do exemplar Damaged status
  Biblioteca Escolar das Vendas Biblioteca Escolar das Vendas BEV108 8EST LEW   Livro Sem mensagem